00289 a2200121 4500001000700000020000600007040001100013100002700024240005200051245004700103362000900150440000800159160252 a  cMagnum aBoulos Junior, Alfredo10aTiradentes sonho de liberdade: 21 de abrillpor10aTiradentes sonho de liberdade: 21 de abril0 a1899 1aFTD